banner-ar

اتجاهات حديثة فى المكتبات و المعلومات : (Record no. 61885)

MARC details
000 -الفاتح
حقل البيانات ثابتة الطول 01171nam a22002657a 4500
005 - وقت وتاريخ اخر تعامل مع التسجيلة
رقم الضبط 20240530110521.0
008 - عناصر البيانات ثابتة الطول - معلومات عامة
حقل البيانات ثابتة الطول 160217s2013 ku ao g b 000 0 ara d
017 ## - رقم الايداع القانونى
رقم الايداع القانونى 2012/11/4246
المصدر ( الهيئة المختصة) الكويت . دائرة المكتبة الوطنية
020 ## - الرقم الدولى المعيارى للكتب
الرقم الدولى المعيارى للكتاب 9789757171773
040 ## - مصدر الفهرسة
وكالة الفهرسة الأصلية EG-CaGPL
082 04 - رقم تصنيف ديوى العشرى
رقم الطبعة 21
رقم التصنيف 028.7\
رقم المادة أ م
100 0# - المدخل الرئيسى - إسم شخصى
الإسم الشخصى احمد يوسف حافظ
245 10 - بيان العنوان
العنوان اتجاهات حديثة فى المكتبات و المعلومات :
بقية العنوان مصادر المعلومات من بداياتها حتى عصر النشر الالكترونى : ( رؤية معاصرة ) /
بيان المسئوليه,etc تاليف احمد يوسف حافظ
250 ## - بيان الطبعة
بيان الطبعة ط1
260 ## - PUBLICATION, DISTRIBUTION, ETC. (IMPRINT)
تاريخ النشر أو التوزيع 2013 .
300 ## - الوصف المادى
التعداد 406 ص :
تفاصيل ماديه اخرى للوعاء ايض ؛
أبعاد الوعاء 24 سم .
504 ## - تبصرة ببليوجرافية
تبصرة ببليوجرافية,الخ يشتمل على ارجاعات ببليوجرافية
650 04 - المدخل الاضافى بالموضوع-مصطلح موضوعى
مصطلح موضوعي اختزان و استرجاع المعلومات
650 04 - المدخل الاضافى بالموضوع-مصطلح موضوعى
مصطلح موضوعي المعلومات ، علم
650 04 - المدخل الاضافى بالموضوع-مصطلح موضوعى
مصطلح موضوعي مصادر المعلومات
650 04 - المدخل الاضافى بالموضوع-مصطلح موضوعى
مصطلح موضوعي نظم المعلومات
650 04 - المدخل الاضافى بالموضوع-مصطلح موضوعى
مصطلح موضوعي مراكز المعلومات
942 ## - عناصر المدخل الإضافي( كوها)
مصدر التصنيف او مخطط الترفيف Dewey Decimal Classification
Koha [default] item type كتاب
260 ## - PUBLICATION, DISTRIBUTION, ETC. (IMPRINT)
-- الكويت :
-- مكتبة الفلاح للنشر و التوزيع ،
Holdings
حالة التراجع حالة الفقد حالة تلف ليس للاعارة المكان المؤقت الموقع الحالى تاريخ الاكتساب اجمالي اﻻعارات رقم الطلب الباركود تاريخ اخر مشاهدة تاريخ تفعيل السعر نوع وعاء كوها
        مكتبة القاهرة الكبرى مكتبة القاهرة الكبرى 02/17/2016   028.7\ أ م 161320 02/17/2016 02/17/2016 كتاب

Powered By

EGPV